World Map without 20 Countries - Extreme - Statistics

General Stats
  • This quiz has been taken 106 times
  • The average score is 14 of 20
Answers on the Map
Answers color-coded by a green-red scale on the quiz's map according to % correct below.
 
Answer Stats
Country % Correct
Bhutan
94%
Seychelles
91%
Comoros
87%
Japan
87%
Denmark
85%
Malaysia
82%
Maldives
81%
Sao Tome and Principe
78%
Palau
76%
Malawi
75%
Iceland
74%
Nauru
74%
Marshall Islands
71%
Tuvalu
71%
Bahamas
69%
Jamaica
59%
Kuwait
56%
Israel
51%
East Timor
44%
Brunei
43%
No matching quizzes found
Score Distribution
Percent of People with Each Score
Percentile by Number Answered
Your Score History
You have not taken this quiz